Statistics for Passenger Operators of the Boeing 747

Click here to take the quiz!

General Stats

  • This quiz has been taken 23 times
  • The average score is 5 of 6

Answer Stats

CountryVariantsAnswer% Correct
Germany747-400, 747-8ILufthansa
100%
South Korea747-8IKorean Air
95%
China747-400, 747-8IAir China
90%
Saudi Arabia747-400Saudia
80%
Russia747-400Rossiya Airlines
45%
Iran747-400Mahan Air
40%

Score Distribution

Percentile by Number Answered

Percent of People with Each Score

Your Score History

You have not taken this quiz